000 00878nam a22001817a 4500
999 _c4916
_d4916
020 _a1858051665
022 _a9781858051666
050 _aHD31
_b.C71
100 _aCole, Gerald A
245 _aManagement : theory and practice
_cGerald A Cole
250 _a4th ed
260 _aLondon :
_b D.P. Publications,
_c 1995
300 _axiii, 462 pages :
_b illustrations ;
_c24 cm
500 _aIncludes index.
505 _aIntroduction to management theory; classical theories; human relations theories; system approaches to management theory; management in practice; planning; organizing - leadership and groups; control in management; marketing management; production management; personnel management; appendices - guide to further reading; outline answers to examination questions at section-ends; further examination questions.
650 _aManagement.
942 _cBK